Pleistocene shore lines in Florida and Georgia.

Bibliographic Details
Main Author: MacNeil, F. Stearns (Francis Stearns), 1909-
Format: Government Document Book
Language:English
Published: Washington : U.S. Govt. Print. Off, 1950.
Series:Professional paper (Geological Survey (U.S.)) ; 221-F.
Shorter contributions to general geology.
Subjects:

MARC

Tag First Indicator Second Indicator Subfields
LEADER 00000cam a2200000I 4500
001 in00002775721
005 20150922142906.0
008 770829s1950 dcuabef b f001 0 eng d
035 |a (OCoLC)ocm03226478 
035 |a (OCoLC)3226478 
040 |a CSU  |c CSU  |d OCL  |d IAS  |d OCLCQ  |d OCLCG  |d TXJ  |d NRU  |d UtOrBLW 
043 |a n-us-fl  |a n-us-ga 
049 |a TXAM 
050 1 4 |a QE75  |b .P9 no.221-, A-H 
082 0 4 |a 557.3  |b U58p no. 221-F 
086 0 |a I 19.16:221-F 
100 1 |a MacNeil, F. Stearns  |q (Francis Stearns),  |d 1909- 
245 1 0 |a Pleistocene shore lines in Florida and Georgia. 
264 1 |a Washington :  |b U.S. Govt. Print. Off,  |c 1950. 
300 |a 95-106 pages :  |b illustrations, maps, plates ;  |c 29 cm. 
336 |a text  |b txt  |2 rdacontent 
337 |a unmediated  |b n  |2 rdamedia 
338 |a volume  |b nc  |2 rdacarrier 
490 1 |a Geological Survey (U.S.). Professional paper ;  |v 221-F 
500 |a Part of illus. matter folded in pocket. 
504 |a Includes bibliographical references and index. 
650 0 |a Shorelines  |z Florida. 
650 0 |a Shorelines  |z Georgia. 
650 0 |a Geology, Stratigraphic  |y Pleistocene. 
830 0 |a Professional paper (Geological Survey (U.S.)) ;  |v 221-F. 
830 0 |a Shorter contributions to general geology. 
994 |a C0  |b TXA 
948 |a cataloged  |b h  |c 2012/11/14  |d c  |e tsivage  |f 11:17:09 am 
999 |a MARS 
999 f f |s edbcca06-fc8c-3ec4-821a-fc9721d14186  |i a71df5c7-8b77-3738-9caf-a1744a029677  |t 0 
952 f f |p normal  |a Texas A&M University  |b College Station  |c Sterling C. Evans Library  |d Evans: US Documents (Annex 5th floor)  |t 0  |e I 19.16:221-222  |h Superintendent of Documents classification  |i unmediated -- volume  |m A14837789705 
952 f f |a Texas A&M University  |b College Station  |c Sterling C. Evans Library  |d Evans: US Documents (Annex 5th floor)  |t 0  |e I 19.16:221-222  |h Superintendent of Documents classification 
998 f f |a I 19.16:221-222  |t 0  |l Evans: US Documents (Annex 5th floor)